|
|
|
|
| LEADER |
00000nam0a2200000 4500 |
| 001 |
677930 |
| 005 |
20241226105406.0 |
| 090 |
|
|
|a 677930
|
| 100 |
|
|
|a 20241226d1979 k||y0rusy50 ca
|
| 101 |
|
|
|a rus
|
| 102 |
|
|
|a RU
|
| 105 |
|
|
|a a z 001yy
|
| 181 |
|
0 |
|a i
|b e
|
| 182 |
|
0 |
|a n
|
| 183 |
|
0 |
|a nc
|2 RDAcarrier
|
| 200 |
1 |
|
|a Венд Центрального Казахстана
|f Ю. А. Зайцев, Т. Н. Хераскова
|g под ред. Ю. А. Зайцева ; Московский государственный университет, Центрально-Казахстанское территориальное геологическое управление
|
| 203 |
|
|
|a Текст
|b визуальный
|c непосредственный
|
| 210 |
|
|
|a Москва
|c Издательство Московского университета
|d 1979
|
| 215 |
|
|
|a 251 с.
|c ил.
|
| 225 |
1 |
|
|a Материалы по геологии Центрального Казахстана
|v Т. 14
|
| 283 |
|
|
|a volume
|2 RDAcarrier
|
| 330 |
|
|
|a Литература: с. 235-250
|
| 606 |
1 |
|
|a Рифейские отложения
|9 49451
|
| 610 |
1 |
|
|a венды
|
| 610 |
1 |
|
|a кембрий
|
| 610 |
1 |
|
|a литология
|
| 610 |
1 |
|
|a стратиграфия
|
| 610 |
1 |
|
|a антиклинории
|
| 610 |
1 |
|
|a петрография
|
| 610 |
1 |
|
|a синклинории
|
| 610 |
1 |
|
|a геосинклинали
|
| 610 |
1 |
|
|a Казахстан
|
| 675 |
|
|
|a 551.72
|v 4
|
| 700 |
|
1 |
|a Зайцев
|b Ю. А.
|g Юлий Александрович
|
| 701 |
|
1 |
|a Хераскова
|b Т. Н.
|g Татьяна Николаевна
|
| 702 |
|
1 |
|4 340
|a Зайцев
|b Ю. А.
|
| 712 |
0 |
2 |
|a Московский государственный университет им. М. В. Ломоносова
|c (1940- )
|4 570
|9 23122
|
| 801 |
|
0 |
|a RU
|b 63413507
|c 20241226
|
| 830 |
|
|
|a Ретро2024Каталогизация Мотырева
|
| 850 |
|
|
|a 63413507
|
| 942 |
|
|
|c BK
|